| 000 | 00792 a2200181 4500 | ||
|---|---|---|---|
| 003 | Nust | ||
| 005 | 20240913104908.0 | ||
| 040 | _cNust | ||
| 082 | _a621.381528,COO | ||
| 100 |
_aYarborough ,E.H.Cooke _9104013 |
||
| 245 |
_aAn introduction to transistor circuits / _cE.H.Cooke-Yarborough |
||
| 260 |
_aOliver and Boyd _bUinted Kingdom Atomic Energy _c1960 |
||
| 300 |
_axii,158 p _billus _c24 cm |
||
| 505 | _aTransistor Action (Page-1), Low Frequency Amplification (Page-29), The Performance Of Transistor Amplifier Circuits (Page-49), Pulse Circuits (Page-79), Some Circuit Applications Of Transistors (Page-115), The Application Of Transistors In Automatic Computers (Page-137). | ||
| 600 |
_aYarborough ,E.H.Cooke _9104013 |
||
| 650 | _aTelecommunication Engineering | ||
| 942 |
_2ddc _cBK |
||
| 999 |
_c182330 _d182330 |
||